Všeobecne uznávané účtovné zásady a ich aplikácia v účtovníctve podnikateľského subjektu bakalárska práca

Gespeichert in:
Bibliographische Detailangaben
1. Verfasser: Vidová, Michaela
Körperschaft: Fakulta hospodárskej informatiky EU. Katedra účtovníctva a audítorstva
Weitere Verfasser: Varinská, Katarína
Format: Buch
Sprache:Slowakisch
Veröffentlicht: Bratislava 2012
Tags: Tag hinzufügen
Keine Tags, Fügen Sie das erste Tag hinzu!

MARC

LEADER 00000nbm a2200000 4500
001 0156383
005 20161109111957.4
041 0 |a slo 
044 |a SK 
245 1 0 |a Všeobecne uznávané účtovné zásady a ich aplikácia v účtovníctve podnikateľského subjektu  |b bakalárska práca  |c Michaela Vidová ; školiteľ: Katarína Varinská 
264 1 |a Bratislava  |c 2012 
300 |a 46 s. 
100 1 |a Vidová, Michaela 
700 1 |a Varinská, Katarína 
710 2 |a Fakulta hospodárskej informatiky EU. Katedra účtovníctva a audítorstva